00416 2200169 4500001002100000008004100021035002000062245004800082100001800130250000600148260003200154300001200186084001400198082000800212650001400220990001200234INLIS000000000001072 ind  a0010-0524000307 aNge-rokok Bikin Kamu " Kaya "cAbdul Jabbar aJabbar, Abdul a1 aSukoharjo :bSamuderac2008 a126 hlm a000 ABD n a000 aNon Fiksi a0744050